[Event "FRA-ch Open A-D 2018"]
[Site "Nimes"]
[Date "2018.08.26"]
[Round "9"]
[White "Lovichi, Raphael"]
[Black "Gignoux-Pezzetti, Nathan"]
[Result "0-1"]
[WhiteElo "1372"]
[BlackElo "1458"]
[Annotator "NA"]
[PlyCount "86"]
[EventDate "2018.08.18"]
[EventType "tourn"]
[EventCountry "FRA"]
[SourceTitle "playchess.com"]
[Source "ChessBase"]
[SourceQuality "1"]
[TimeControl "40/5400+30:1800+30"]

1. e4 {[%emt 0:00:00]} e5 {[%emt 0:00:00]} 2. Nf3 {[%emt 0:00:09]} Nc6 {[%emt 0:00:00]} 3. Bc4 {[%emt 0:00:42]} Be7 {[%emt 0:00:00]} 4. c3 {[%emt 0:00:55]} Nf6 {[%emt 0:00:15]} 5. d3 {[%emt 0:00:48]} d6 {[%emt 0:00:35]} 6. O-O {[%emt 0:00:49]} Bg4 {[%emt 0:01:16]} 7. Re1 {[%emt 0:01:56]} O-O {[%emt 0:00:31]} 8. Nbd2 {[%emt 0:00:54]} h6 {[%emt 0:06:11]} 9. Nf1 {[%emt 0:02:52]} Nh7 {[%emt 0:03:47]} 10. h3 {[%emt 0:02:03]} Bh5 {[%emt 0:01:17]} 11. Ng3 {[%emt 0:01:31]} Bg6 {[%emt 0:02:25]} 12. d4 {[%emt 0:01:37]} Ng5 {[%emt 0:04:11]} 13. Nh4 {[%emt 0:03:05]} Nxh3+ {[%emt 0:03:51]} 14. gxh3 {[%emt 0:01:55]} Bxh4 {[%emt 0:00:08]} 15. Qg4 {[%emt 0:03:42]} Bxg3 {[%emt 0:05:14]} 16. Qxg3 {[%emt 0:02:09]} exd4 {[%emt 0:02:00]} 17. Qxg6 {[%emt 0:01:08]} Ne5 {[%emt 0:05:14]} 18. Qg3 {[%emt 0:01:49]} Nxc4 {[%emt 0:00:48]} 19. Bxh6 {[%emt 0:01:18]} Qf6 {[%emt 0:02:46]} 20. Bg5 {[%emt 0:01:44]} Qg6 {[%emt 0:01:43]} 21. cxd4 {[%emt 0:00:56]} Rac8 {[%emt 0:13:19]} 22. Bf4 {[%emt 0:04:50]} Qxg3+ {[%emt 0:00:51]} 23. Bxg3 {[%emt 0:00:25]} Rfe8 {[%emt 0:02:00]} 24. b3 {[%emt 0:02:41]} Nd2 {[%emt 0:00:22]} 25. e5 {[%emt 0:00:47]} Nf3+ {[%emt 0:00:10]} 26. Kg2 {[%emt 0:01:03]} Nxe1+ {[%emt 0:00:05]} 27. Rxe1 {[%emt 0:00:21]} dxe5 {[%emt 0:00:14]} 28. dxe5 {[%emt 0:00:47]} Rcd8 {[%emt 0:01:22]} 29. e6 {[%emt 0:00:26]} Rxe6 {[%emt 0:00:35]} 30. Rxe6 {[%emt 0:00:16]} fxe6 {[%emt 0:00:06]} 31. Bxc7 {[%emt 0:00:24]} Rd2 {[%emt 0:00:32]} 32. a4 {[%emt 0:02:02]} Rb2 {[%emt 0:00:34]} 33. a5 {[%emt 0:00:52]} Rxb3 {[%emt 0:01:15]} 34. Bb8 {[%emt 0:00:45]} Rb5 {[%emt 0:01:16]} 35. Bxa7 {[%emt 0:00:39]} Rxa5 {[%emt 0:00:18]} 36. Bb6 {[%emt 0:01:18]} Rb5 {[%emt 0:00:12]} 37. Bd4 {[%emt 0:00:35]} Rb1 {[%emt 0:00:32]} 38. Kg3 {[%emt 0:00:23]} b5 {[%emt 0:00:18]} 39. Kf4 {[%emt 0:00:31]} Kf7 {[%emt 0:02:04]} 40. Ke5 {[%emt 0:00:47]} b4 {[%emt 0:00:59]} 41. h4 {[%emt 0:31:27]} b3 {[%emt 0:31:25]} 42. f3 Re1+ {[%emt 0:01:19]} 43. Kf4 e5+ 0-1

[Event "FRA-ch Open A-D 2018"]
[Site "Nimes"]
[Date "2018.08.26"]
[Round "9"]
[White "Choiset, Arthur"]
[Black "Sithisak, Remi"]
[Result "0-1"]
[WhiteElo "1313"]
[BlackElo "1360"]
[Annotator "NA"]
[PlyCount "72"]
[EventDate "2018.08.18"]
[EventType "tourn"]
[EventCountry "FRA"]
[SourceTitle "playchess.com"]
[Source "ChessBase"]
[SourceQuality "1"]
[TimeControl "40/5400+30:1800+30"]

1. e4 {[%emt 0:00:00]} c5 {[%emt 0:00:00]} 2. Nf3 {[%emt 0:00:06]} d6 {[%emt 0:00:15]} 3. d4 {[%emt 0:00:21]} cxd4 {[%emt 0:00:14]} 4. Nxd4 {[%emt 0:00:30]} Nf6 {[%emt 0:00:21]} 5. Nc3 {[%emt 0:00:42]} a6 {[%emt 0:00:39]} 6. Bg5 {[%emt 0:01:01]} e6 {[%emt 0:00:59]} 7. f4 {[%emt 0:01:11]} Be7 {[%emt 0:01:07]} 8. Bd3 {[%emt 0:01:33]} Qc7 {[%emt 0:01:58]} 9. Qf3 {[%emt 0:02:17]} Nbd7 {[%emt 0:01:45]} 10. Nb3 {[%emt 0:05:45]} b5 {[%emt 0:02:44]} 11. O-O-O {[%emt 0:04:34]} b4 {[%emt 0:03:45]} 12. Ne2 {[%emt 0:04:49]} Bb7 {[%emt 0:03:27]} 13. Ned4 {[%emt 0:12:48]} Nc5 {[%emt 0:09:04]} 14. Nxc5 {[%emt 0:00:22]} dxc5 {[%emt 0:01:10]} 15. Nb5 {[%emt 0:09:55]} axb5 {[%emt 0:06:28]} 16. Bxb5+ {[%emt 0:00:08]} Kf8 {[%emt 0:02:42]} 17. Bxf6 {[%emt 0:01:08]} Bxf6 {[%emt 0:01:01]} 18. Rd7 Qb6 {[%emt 0:01:25]} 19. Qh5 {[%emt 0:01:55]} g6 {[%emt 0:04:08]} 20. Qe2 {[%emt 0:02:05]} Bc6 {[%emt 0:02:32]} 21. Bxc6 {[%emt 0:00:53]} Qxc6 {[%emt 0:00:09]} 22. Qd3 {[%emt 0:01:14]} Rxa2 {[%emt 0:01:58]} 23. Kd2 {[%emt 0:11:39]} c4 {[%emt 0:02:00]} 24. Qd6+ {[%emt 0:03:30]} Qxd6+ {[%emt 0:00:15]} 25. Rxd6 {[%emt 0:00:04]} Rxb2 {[%emt 0:01:10]} 26. Kc1 {[%emt 0:00:59]} Ra2 {[%emt 0:03:32]} 27. Kd2 {[%emt 0:02:34]} b3 {[%emt 0:00:38]} 28. e5 {[%emt 0:02:40]} Be7 {[%emt 0:02:30]} 29. Rb6 {[%emt 0:03:21]} Rxc2+ {[%emt 0:01:57]} 30. Kd1 {[%emt 0:00:30]} Ba3 {[%emt 0:01:25]} 31. Re1 {[%emt 0:00:30]} Kg7 {[%emt 0:00:41]} 32. Re3 {[%emt 0:02:44]} Rd8+ {[%emt 0:02:09]} 33. Ke1 {[%emt 0:00:09]} Bc5 {[%emt 0:00:41]} 34. Rbxb3 {[%emt 0:03:07]} cxb3 {[%emt 0:00:10]} 35. Rxb3 {[%emt 0:00:11]} Bf2+ {[%emt 0:00:14]} 36. Kf1 {[%emt 0:00:06]} Rd1# 0-1